[Event "Ros Miro mem corr"]
[Site "Spain"]
[Date "2004.04.15"]
[Round "?"]
[White "Alexandre Bisquert, Francisco"]
[Black "Krivonosovs, Valerijs V"]
[Result "1/2-1/2"]
[WhiteElo "2441"]
[BlackElo "2437"]
[PlyCount "84"]
[EventDate "2004.04.15"]
[EventType "tourn (corr)"]
[EventRounds "14"]
[EventCountry "ESP"]
[EventCategory "7"]
[SourceTitle "Corr 2008"]
[Source "ChessBase"]
[SourceDate "2008.06.24"]
[SourceVersion "1"]
[SourceVersionDate "2008.06.24"]
[SourceQuality "1"]

1. e4 e5 2. Nf3 Nc6 3. Bb5 Nf6 4. 0-0 Nxe4 5. d4 Nd6 6. Bxc6 dxc6 7. dxe5 Nf5 8. Qxd8+ Kxd8 9. Nc3 Ne7 10. Nd4 Ke8 11. Ne4 Ng6 12. f4 Be7 13. Be3 c5 14. Nb5 Kd7 15. c4 Kc6 16. Nbc3 Bf5 17. b3 h5 18. Ng3 Bd7 19. Nd5 Rae8 20. Rad1 b6 21. Rd2 h4 22. Ne2 Bc8 23. a3 Kb7 24. b4 cxb4 25. axb4 c6 26. Nxe7 Nxe7 27. b5 Nf5 28. bxc6+ Kxc6 29. Nd4+ Nxd4 30. Rxd4 Rd8 31. Rfd1 Rxd4 32. Rxd4 Be6 33. Kf2 Kb7 34. Ke2 h3 35. g3 Rc8 36. Kd3 a5 37. Bd2 Rc6 38. Bc3 Ka6 39. Bd2 g6 40. Bc3 Bf5+ 41. Kd2 Be6 42. Kd3 Bf5+ 1/2-1/2

[Event "Ros Miro mem corr"]
[Site "Spain"]
[Date "2004.04.15"]
[Round "?"]
[White "Krivonosovs, Valerijs V"]
[Black "Bescos Anzano, Manuel Jesus"]
[Result "1/2-1/2"]
[WhiteElo "2437"]
[BlackElo "2421"]
[PlyCount "48"]
[EventDate "2004.04.15"]
[EventType "tourn (corr)"]
[EventRounds "14"]
[EventCountry "ESP"]
[EventCategory "7"]
[SourceTitle "Corr 2008"]
[Source "ChessBase"]
[SourceDate "2008.06.24"]
[SourceVersion "1"]
[SourceVersionDate "2008.06.24"]
[SourceQuality "1"]

1. Nf3 Nf6 2. c4 e6 3. g3 d5 4. d4 dxc4 5. Bg2 c5 6. 0-0 Nc6 7. Ne5 Bd7 8. Na3 Nd5 9. Nxd7 Qxd7 10. dxc5 Bxc5 11. Nxc4 Rd8 12. Bd2 0-0 13. Rc1 Qe7 14. e3 b5 15. Na5 Nxa5 16. Bxa5 Bb6 17. Bxb6 Nxb6 18. Qh5 e5 19. Rfd1 b4 20. Qe2 g6 21. Qb5 Rxd1+ 22. Rxd1 Rc8 23. Bc6 Qc7 24. Bf3 Qc5 1/2-1/2

[Event "Ros Miro mem corr"]
[Site "Spain"]
[Date "2004.04.15"]
[Round "?"]
[White "Krivonosovs, Valerijs V"]
[Black "Magallon Minguez, Antonio"]
[Result "1/2-1/2"]
[WhiteElo "2437"]
[BlackElo "2366"]
[PlyCount "48"]
[EventDate "2004.04.15"]
[EventType "tourn (corr)"]
[EventRounds "14"]
[EventCountry "ESP"]
[EventCategory "7"]
[SourceTitle "Corr 2008"]
[Source "ChessBase"]
[SourceDate "2008.06.24"]
[SourceVersion "1"]
[SourceVersionDate "2008.06.24"]
[SourceQuality "1"]

1. Nf3 c5 2. c4 g6 3. d4 Bg7 4. e4 cxd4 5. Nxd4 Nc6 6. Be3 Nf6 7. Nc3 Ng4 8. Qxg4 Bxd4 9. Bxd4 Nxd4 10. 0-0-0 d6 11. Qg3 e5 12. f4 f6 13. f5 Kf7 14. Ne2 Nc6 15. c5 gxf5 16. Qb3+ Kg7 17. exf5 Qa5 18. cxd6 Qc5+ 19. Qc3 Qxc3+ 20. bxc3 Bxf5 21. Ng3 Be6 22. Bd3 Rad8 23. Bc2 h5 24. Bb3 Bg4 1/2-1/2

[Event "Ros Miro mem corr"]
[Site "Spain"]
[Date "2004.04.15"]
[Round "?"]
[White "Krivonosovs, Valerijs V"]
[Black "Moreira, Jose Americo Paiva"]
[Result "1/2-1/2"]
[WhiteElo "2437"]
[BlackElo "2435"]
[PlyCount "88"]
[EventDate "2004.04.15"]
[EventType "tourn (corr)"]
[EventRounds "14"]
[EventCountry "ESP"]
[EventCategory "7"]
[SourceTitle "Corr 2008"]
[Source "ChessBase"]
[SourceDate "2008.06.24"]
[SourceVersion "1"]
[SourceVersionDate "2008.06.24"]
[SourceQuality "1"]

1. Nf3 d5 2. d4 Nf6 3. c4 dxc4 4. e3 e6 5. Bxc4 c5 6. 0-0 a6 7. dxc5 Qxd1 8. Rxd1 Bxc5 9. Nbd2 Nc6 10. a3 b5 11. Be2 Nd5 12. Nb3 Be7 13. Bd2 Bb7 14. Rac1 Rd8 15. Nc5 Bxc5 16. Rxc5 Rd7 17. Rdc1 Nde7 18. Be1 f6 19. Nd2 Kf7 20. Nb3 Ba8 21. R5c2 Ne5 22. Nc5 Ra7 23. f3 Rc8 24. Bf2 Nd7 25. e4 Nxc5 26. Bxc5 Rac7 27. a4 f5 28. axb5 axb5 29. exf5 Nxf5 30. Bd3 Bd5 31. b4 Bb3 32. Rc3 Ba4 33. Bd4 Rxc3 34. Rxc3 Rxc3 35. Bxc3 Ne3 36. Bd4 Nc2 37. Bc5 Na3 38. Be4 Bb3 39. h4 g6 40. Bc6 e5 41. Kf2 Ke6 42. Bb7 Nc2 43. g3 Bc4 44. Be4 Na3 1/2-1/2

[Event "Gipslis mem corr"]
[Site "Russia"]
[Date "2004.??.??"]
[Round "?"]
[White "Graudins, Ilmars"]
[Black "Krivonosovs, Valerijs V"]
[Result "1/2-1/2"]
[WhiteElo "2431"]
[BlackElo "2449"]
[PlyCount "72"]
[EventDate "2001.07.15"]
[EventType "tourn (corr)"]
[EventRounds "16"]
[EventCountry "RUS"]
[EventCategory "9"]
[SourceTitle "Corr 2008"]
[Source "ChessBase"]
[SourceDate "2008.06.24"]
[SourceVersion "1"]
[SourceVersionDate "2008.06.24"]
[SourceQuality "1"]

1. Nf3 e6 2. c4 b6 3. g3 Bb7 4. Bg2 Nf6 5. 0-0 Be7 6. Nc3 c5 7. d4 cxd4 8. Qxd4 d6 9. Bg5 a6 10. Bxf6 Bxf6 11. Qf4 0-0 12. Rfd1 Be7 13. Ne4 Bxe4 14. Qxe4 Ra7 15. Qe3 Rc7 16. Rac1 Qc8 17. Nd4 Bf6 18. Bh3 Re8 19. b3 Rc5 20. Nxe6 fxe6 21. Rxd6 Rc6 22. Rcd1 Qc7 23. Qd3 g6 24. Rxc6 Nxc6 25. e3 Kf7 26. Qd7+ Qxd7 27. Rxd7+ Be7 28. Rc7 Nb4 29. Rb7 b5 30. cxb5 axb5 31. Rb6 Bd8 32. Rxb5 Nxa2 33. Rb8 e5 34. Bf1 Be7 35. Bc4+ Kf8 36. Rxe8+ Kxe8 1/2-1/2

[Event "Gipslis mem corr"]
[Site "Russia"]
[Date "2004.??.??"]
[Round "?"]
[White "Krivonosovs, Valerijs V"]
[Black "Gaujens, Artis"]
[Result "1/2-1/2"]
[WhiteElo "2449"]
[BlackElo "2447"]
[PlyCount "73"]
[EventDate "2001.07.15"]
[EventType "tourn (corr)"]
[EventRounds "16"]
[EventCountry "RUS"]
[EventCategory "9"]
[SourceTitle "Corr 2008"]
[Source "ChessBase"]
[SourceDate "2008.06.24"]
[SourceVersion "1"]
[SourceVersionDate "2008.06.24"]
[SourceQuality "1"]

1. Nf3 e6 2. c4 b6 3. g3 Bb7 4. Bg2 Nf6 5. 0-0 Be7 6. Nc3 c5 7. d4 cxd4 8. Qxd4 d6 9. Bg5 a6 10. Bxf6 Bxf6 11. Qf4 0-0 12. Rfd1 Be7 13. Ne4 Bxe4 14. Qxe4 Ra7 15. Qe3 Rc7 16. Rac1 Qc8 17. Nd4 Bf6 18. Bh3 Re8 19. b3 Rc5 20. Nxe6 fxe6 21. Rxd6 Rc6 22. Rcd1 Qc7 23. Qd3 g6 24. Rxc6 Nxc6 25. e3 Kf7 26. Qd7+ Qxd7 27. Rxd7+ Be7 28. Rc7 Nb4 29. Rb7 b5 30. cxb5 axb5 31. Rb6 Bd8 32. Rxb5 Nxa2 33. Rb8 e5 34. Bf1 Be7 35. Bc4+ Kf8 36. Rxe8+ Kxe8 37. h4 1/2-1/2

[Event "Gipslis mem corr"]
[Site "Russia"]
[Date "2004.??.??"]
[Round "?"]
[White "Krivonosovs, Valerijs V"]
[Black "Mukherjee, Ajoy K"]
[Result "1/2-1/2"]
[WhiteElo "2449"]
[BlackElo "2514"]
[PlyCount "63"]
[EventDate "2001.07.15"]
[EventType "tourn (corr)"]
[EventRounds "16"]
[EventCountry "RUS"]
[EventCategory "9"]
[SourceTitle "Corr 2008"]
[Source "ChessBase"]
[SourceDate "2008.06.24"]
[SourceVersion "1"]
[SourceVersionDate "2008.06.24"]
[SourceQuality "1"]

1. Nf3 c5 2. c4 Nf6 3. Nc3 e6 4. g3 b6 5. Bg2 Bb7 6. 0-0 Be7 7. d4 cxd4 8. Qxd4 Nc6 9. Qf4 0-0 10. Rd1 Qb8 11. Qxb8 Raxb8 12. Bf4 Rbc8 13. Ne5 Rfd8 14. Nb5 d5 15. Nxc6 Rxc6 16. Rac1 Rcc8 17. Nxa7 Ra8 18. Nb5 Rxa2 19. Be5 Ne4 20. Bxe4 dxe4 21. Rxd8+ Bxd8 22. Rd1 Ra8 23. Nc7 Rc8 24. Ne8 Bc6 25. Nxg7 Ba4 26. Rd4 Be7 27. Nh5 f5 28. Nf6+ Kf7 29. Nd7 b5 30. Nb6 Rc6 31. Nxa4 bxa4 32. e3 1/2-1/2